Statistiken für UEFA Europa League & UEFA Cup Sieger

Klicken Sie hier um das Quiz zu spielen!

Allgemein

  • Dieses Quiz wurde 284 mal gespielt
  • Das Durchschnittsergebnis liegt bei 33 aus 52

Antwortstatistiken

HintAntwort% Korrekt
2023Sevilla FC
95%
2016Sevilla FC
95%
2007Sevilla FC
95%
2015Sevilla FC
95%
2014Sevilla FC
95%
2006Sevilla FC
95%
2020Sevilla FC
95%
2017Manchester United
88%
2019Chelsea FC
87%
2013Chelsea FC
87%
1985Real Madrid
87%
1986Real Madrid
87%
2022Eintracht Frankfurt
86%
1980Eintracht Frankfurt
86%
1988Bayer Leverkusen
85%
1998Inter Mailand
80%
1991Inter Mailand
80%
1994Inter Mailand
80%
1997FC Schalke 04
74%
1977Juventus Turin
74%
1993Juventus Turin
74%
1990Juventus Turin
74%
2001Liverpool FC
73%
1973Liverpool FC
73%
1976Liverpool FC
73%
2011FC Porto
71%
2003FC Porto
71%
1992Ajax Amsterdam
69%
1996FC Bayern München
68%
2018Atletico Madrid
63%
2010Atletico Madrid
63%
2012Atletico Madrid
63%
1978PSV Eindhoven
56%
2002Feyenoord Rotterdam
55%
1974Feyenoord Rotterdam
55%
2004Valencia CF
52%
1975Borussia Mönchengladbach
51%
1979Borussia Mönchengladbach
51%
2021Villarreal CF
50%
1989SSC Neapel
48%
1984Tottenham Hotspur
41%
1972Tottenham Hotspur
41%
2008Zenit St. Petersburg
40%
2000Galatasaray Istanbul
36%
1983RSK Anderlecht
28%
2005ZSKA Moskau
25%
1995Parma AC
20%
1999Parma AC
20%
1987IFK Göteborg
18%
1982IFK Göteborg
18%
2009Shakhtar Donetsk
15%
1981Ipswich Town
7%

Verteilung der Resultate

Perzentil nach korrekt beantworteten Fragen

Anzahl Personen mit jedem Resultat

Ihre Resultats-Entwicklung

Sie haben dieses Quiz noch nicht gespielt